1568 1297 1210 1423 1419 1017 1409 1798 1553 1532 1693 1254 1098 1388 1827 1786 1895 1900 1735 1074 1677 1552 1813 1681 1420 1579 1852 1963 1771 1271 1724 1993 1140 1724 1215 1028 1891 1978 1931 1069 1871 1463 1481 1673 1776 1850 1001 1117 1735 1016 1639 1842 1626 1232 1476 1907 1950 1069 1795 1683 1687 1069 1374 1831 1026 1059 1893 1194 1719 1075 1728 1542 1351 1108 1354 1716 1322 1729 1971 1806 1407 1663 1766 1818 1284 1681 1875 1690 1835 1372 1588 1228 1872 1608 1517 1841 1279 1223 1361 BCNSPRNW ULIB Ver.6.0+V

เปลี่ยนเป็นภาษาไทย

Change to English
 แสดงรายละเอียดบรรณานุกรม
  กลับหน้าหลัก

Brief Record : Get Marc (ISO 2709) : E-mail record : QR code < ปิดหน้าต่าง
LEADER : 00000nam 2200000uu 4500
001    13399113599
003     ULIB
008    020711s2551 th a 000 0 tha d
020    9786169062615
090    นว.^bพ912ช 2551
100    เพฑูรย์
245    เชลยใจเจ้าพ่อ/^cเพฑูรย์
250    พิมพ์ครั้งที่ 3
260    กรุงเทพฯ :^bไลต์ ออฟ เลิฟ,^c2551
300    282 หน้า
710 1  ไลต์ ออฟ เลิฟ
945    ^p229^l0^i17063
995    ทศพร
999 ^a ทศพร
รายการนี้ยังไม่มีแท็ก
คุณยังไม่ได้ล็อกอิน คุณสามารถมีกิจกรรมร่วมกับเว็บไซต์ได้ แต่ต้องล็อกอินก่อน ::
  ล็อกอิน

รายการสื่อสารสนเทศ

ลำดับที่ ประเภท เลขเรียก/บาร์โค้ด สถานที่ สถานะ
1. นวนิยาย
นวนิยาย
นว. พ912ช 2551 ฉ.1 
  Barcode: 17063
ห้องสมุดวิทยาเขตสวรรค์ประชารักษ์
►นวนิยาย
บนชั้น
  ขอยืม

รายการใกล้เคียง
    ผู้แต่ง [เพฑูรย์]

BibComment


ยังไม่เคยถูกคอมเมนท์

คอมเมนท์ทรัพยากรรายการนี้
  คอมเมนท์: เชลยใจเจ้าพ่อ เพฑ..

สมาชิกที่บันทึกรายการนี้ไว้ในรายการโปรด
จิรวรรณ พวงสมบัติ

 Copyright 2026. Bcnsprnw @Library